000 00514nas a22001697a 4500
999 _c1257
_d1257
008 130314t20009999ag ||||| |||| 00| 0 spa d
022 _a1515-3460
245 _aRevista Argentina de Medicina
260 _aBuenos Aires:
_bSociedad Argentina de Medicina,
_c2000
300 _av. :
310 _abimestral
546 _aespaƱol
590 _aIndizada en: Latindex
590 _aExistencias: 2000 2(2, supl 1); 2001 3(3) BAJA DEPOSITO (CAJA 21) MAYO 2019
650 _aMEDICINA INTERNA
_91738
942 _2ddc
_cCR